000 00814cam a22002773a 4500
001 2059
003 PGUSA
005 20140828083010.0
008 000201s2000||||xxu|||||s|||||000 1 eng d
040 _aPGUSA
_beng
042 _adc
050 4 _aPS
100 1 _aFox, John,
_d1863-1919
245 1 4 _aThe Little Shepherd of Kingdom Come
_h[electronic resource] /
_cJohn Fox
260 _bProject Gutenberg,
_c2000
506 _aPublic domain in the USA.
516 _aElectronic text
653 _aCumberland Mountains -- Fiction
653 _aKentucky -- History -- Civil War, 1861-1865 -- Fiction
653 _aWar stories
653 _aHistorical fiction
653 _aMountain life -- Fiction
830 0 _aProject Gutenberg
_v2059
856 4 0 _uhttp://www.gutenberg.org/ebooks/2059
942 _cEB
999 _c231398
_d231398